00675nam a22001577a 4500003000900000005001700009008004100026040001300067100005000080245006900130250000600199260004800205300002000253490001900273520022500292IT-RoPau20220918175936.0121214b xxu||||| |||| 00| 0 eng d cIT-RoPau aAlberione GiacomoqFondatore Famiglia Paolina aDonec formetur Christus in vobis.bMeditazioni del Primo Maestro aI aCinisello BalsamobEdizioni San Paoloc2003 a319 p.c21,5 cm aOpera OmniavI aSOMMARIO AVVERTENZE SIGLE INTRODUZIONE PRESENTAZIONE DONEC FORMETUR CHRISTUS IN VOBIS PREAMBOLO VITA PURGATIVA VITA ILLUMINATIVA VIA UNITIVA MEZZI DI GRAZIA APOSTOLATO STAMPA NOZIONI UTILI APPENDICE ALLEGATI INDICI